Catálogo público

Formación en tiempos de cambio: (Record no. 219758)

MARC details
000 -CABECERA
campo de control de longitud fija 01442nam a2200349 4500
003 - IDENTIFICADOR DEL NÚMERO DE CONTROL
campo de control OSt
005 - FECHA Y HORA DE LA ÚLTIMA TRANSACCIÓN
campo de control 20240426145126.0
008 - DATOS DE LONGITUD FIJA--INFORMACIÓN GENERAL
campo de control de longitud fija 240223s2019 mx a|||f |||| 001 0 spa d
020 ## - NÚMERO INTERNACIONAL ESTÁNDAR DEL LIBRO
Número Internacional Estándar del Libro 9786074580112 (Obra completa)
020 ## - NÚMERO INTERNACIONAL ESTÁNDAR DEL LIBRO
Número Internacional Estándar del Libro 9786074580129 (Volumen 1)
020 ## - NÚMERO INTERNACIONAL ESTÁNDAR DEL LIBRO
Número Internacional Estándar del Libro 9786074580136 (Volumen 2)
020 ## - NÚMERO INTERNACIONAL ESTÁNDAR DEL LIBRO
Número Internacional Estándar del Libro 9786074580143 (Volumen 3)
020 ## - NÚMERO INTERNACIONAL ESTÁNDAR DEL LIBRO
Número Internacional Estándar del Libro 9786074580150 (Volumen 4)
020 ## - NÚMERO INTERNACIONAL ESTÁNDAR DEL LIBRO
Número Internacional Estándar del Libro 9786074580167 (Volumen 5)
040 ## - FUENTE DE LA CATALOGACIÓN
Normas de descripción rda
Centro/agencia transcriptor CHAP
082 00 - NÚMERO DE LA CLASIFICACIÓN DECIMAL DEWEY
Número de edición 22
Número de clasificación 158.4
Número de documento/Ítem F72
245 00 - MENCIÓN DE TÍTULO
Título Formación en tiempos de cambio:
Resto del título prácticas de desarrollo integral: Ser, Familia, Empresa y Sociedad /
Mención de responsabilidad, etc. coordinado por Bernardo G. Angulo Belloc
264 #1 - PRODUCCIÓN, PUBLICACIÓN, DISTRIBUCIÓN, FABRICACIÓN Y COPYRIGHT
Producción, publicación, distribución, fabricación y copyright México:
Nombre del de productor, editor, distribuidor, fabricante ACISA,
Fecha de producción, publicación, distribución, fabricación o copyright 2019
300 ## - DESCRIPCIÓN FÍSICA
Extensión 5 volúmenes + 1CD audio:
Otras características físicas Ilustraciones
336 ## - TIPO DE CONTENIDO
Fuente rdacontent
Término de tipo de contenido texto
Código de tipo de contenido txt
337 ## - TIPO DE MEDIO
Fuente rdamedia
Nombre/término del tipo de medio sin medio
Código del tipo de medio n
338 ## - TIPO DE SOPORTE
Fuente rdacarrier
Nombre/término del tipo de soporte volumen
Código del tipo de soporte nc
500 ## - NOTA GENERAL
Nota general Proporciona acceso a una evaluación interactiva online.
504 ## - NOTA DE BIBLIOGRAFÍA, ETC.
Nota de bibliografía, etc. Incluye índice
505 ## - NOTA DE CONTENIDO CON FORMATO
Información miscelánea Volumen 1.Liderazgo e influencia + 1CD (6 pistas de audio). -- Volumen 2.Solución de conflictos y negociación. -- Volumen 3. Salud emocional y comunicación. -- Volumen 4. Equilibrio: Profesión y familia. -- Volumen 5. Logro de metas
650 #4 - PUNTO DE ACCESO ADICIONAL DE MATERIA--TÉRMINO DE MATERIA
9 (RLIN) 66721
Término de materia o nombre geográfico como elemento de entrada Liderazgo
650 #4 - PUNTO DE ACCESO ADICIONAL DE MATERIA--TÉRMINO DE MATERIA
9 (RLIN) 79090
Término de materia o nombre geográfico como elemento de entrada Motivación (Psicología)
650 #4 - PUNTO DE ACCESO ADICIONAL DE MATERIA--TÉRMINO DE MATERIA
9 (RLIN) 143097
Término de materia o nombre geográfico como elemento de entrada Superación personal
700 1# - PUNTO DE ACCESO ADICIONAL--NOMBRE DE PERSONA
9 (RLIN) 188846
Nombre de persona Angulo Belloc, Bernardo G.
Término indicativo de función/relación Coordinador
942 ## - ELEMENTOS DE PUNTO DE ACCESO ADICIONAL (KOHA)
Fuente del sistema de clasificación o colocación Dewey Decimal Classification
942 ## - ELEMENTOS DE PUNTO DE ACCESO ADICIONAL (KOHA)
Tipo de ítem Koha Libro
Fuente del sistema de clasificación o colocación Dewey Decimal Classification
Holdings
Estado de retiro Estado de pérdida Fuente del sistema de clasificación o colocación Estado dañado Restricciones de uso No para préstamo Código de colección Localización permanente Ubicación/localización actual Ubicación en estantería Fecha de adquisición Total de préstamos Signatura topográfica completa Código de barras Fecha visto por última vez Precio válido a partir de Tipo de ítem Koha Nota pública
    Dewey Decimal Classification   Préstamo interno   Consulta Biblioteca Central Biblioteca Central Planta alta - Coleción Consulta 23/02/2024   158.4 F72 v.1 33724002584690 23/02/2024 23/02/2024 Libro  
    Dewey Decimal Classification   Préstamo interno   Consulta Biblioteca Central Biblioteca Central Planta alta - Coleción Consulta 23/02/2024   158.4 F72 v.2 33724002584731 23/02/2024 23/02/2024 Libro  
    Dewey Decimal Classification   Préstamo interno   Consulta Biblioteca Central Biblioteca Central Planta alta - Coleción Consulta 23/02/2024   158.4 F72 v.3 33724002584025 23/02/2024 23/02/2024 Libro  
    Dewey Decimal Classification   Préstamo interno   Consulta Biblioteca Central Biblioteca Central Planta alta - Coleción Consulta 23/02/2024   158.4 F72 v.4 33724002584062 23/02/2024 23/02/2024 Libro  
    Dewey Decimal Classification   Préstamo interno   Consulta Biblioteca Central Biblioteca Central Planta alta - Coleción Consulta 23/02/2024   158.4 F72 v.5 33724002584103 23/02/2024 23/02/2024 Libro  
    Dewey Decimal Classification   Préstamo interno   Material multimedia Biblioteca Central Biblioteca Central Planta Principal - Área de préstamo - Mat. Multimedia 23/02/2024   158.4 F72 v.1 33724002583461 28/02/2024 23/02/2024 CD Material complementario